| 000 | 00610nam a2200265Ia 4500 | ||
|---|---|---|---|
| 008 | 190123s9999 xx 000 0 und d | ||
| 020 | _a9780439192880 | ||
| 050 | _bW678 2000 | ||
| 100 | _aWilhelm, Hans | ||
| 245 | 0 | _aI love colors! / | |
| 245 | 0 | _cby Hans Wilhelm. | |
| 260 | _aNew York, New York : | ||
| 260 | _bScholastic, | ||
| 260 | _c2000 | ||
| 300 | _aunpaged : | ||
| 300 | _bcolored illustrations ; | ||
| 300 | _c23cm. | ||
| 440 | _aScholastic reader ; | ||
| 440 | _vLevel 1. | ||
| 500 | _a330L | ||
| 650 | _aColor. | ||
| 650 | _aDogs. | ||
| 700 | _aSeries. | ||
| 700 | _aTitle. | ||
| 999 |
_c361059 _d361059 |
||